|
|
|
|
| LEADER |
00843cam a2200241 7i4500 |
| 001 |
0000067633 |
| 005 |
20220330090000.0 |
| 020 |
|
|
|a 9781138338609 (hbk)
|
| 020 |
|
|
|a 9780429441592 (electronic book)
|
| 090 |
0 |
0 |
|a HF1040.7
|b .L97 2019
|
| 100 |
1 |
|
|a Lysandrou, Photis
|
| 245 |
1 |
0 |
|a Commodity :
|b the global commodity system in the 21st century
|c Photis Lysandrou.
|
| 264 |
|
|
|a London, New York:
|b Routledge,
|c 2019.
|
| 300 |
|
|
|a 1 online resource (xi, 102 pages):
|b text file, PDF.
|
| 336 |
|
|
|a text
|2 rdacontent
|
| 337 |
|
|
|a computer
|2 rdamedia
|
| 338 |
|
|
|a online resource
|2 rdacarrier
|
| 650 |
0 |
0 |
|a Commerce
|
| 650 |
0 |
0 |
|a Commercial products
|
| 655 |
0 |
0 |
|a Electronic books
|
| 856 |
4 |
2 |
|u http://library.unisel.edu.my/web/guest/mylibrary
|
| 997 |
|
|
|a Business & Accountancy, Faculty
|
| 999 |
|
|
|a EBO0012111
|b EBOOK
|c EBOOK
|e Electronic resources
|